000 00492cam a2200181ua 4500
001 946
008 110423n ii |||gr||||Z||||||eng
040 _cMAIN
082 _a322.4454
245 1 _aSwadhinata sangram aru rajnaitik parikrama.
_cBy Chakreswar Saikia.
250 _a1st.
260 _aDibrugarh.:
_bBanalata.,995.
300 _a130 p.:2 cm.
653 _aPolitical science.
653 _aSwadhinata sangram aru rajnaitik parikrama.
700 _aSaikia, Chakreswar.,
942 _cBK
999 _c869
_d869